000
00202 a2200097 4500
001
4448
100
_a
Voorhio,S.N.V
245
_a
Microwave receivers
260
_a
_b
Mcgrawhill
_c
090
_c
3646
_d
3646
942
_a
NUST-CAE
_c
M
_c
29402
999
_c
239521
_d
239521